| 000 | 00873cam a2200229 4500 | ||
|---|---|---|---|
| 001 | ABS65861 | ||
| 008 | 020905n2002 000 0 eng u | ||
| 035 | _a(Sirsi) u119574 | ||
| 100 | _aO'Brien, A. | ||
| 245 | _aManaging the CPA one step at a time | ||
| 260 | _c2002 | ||
| 490 |
_aMunicipal Journal _v 22 September 2002, 13(1) |
||
| 520 | _aIn December this year many councils will begin a process of managing the changes which CPA improvement plans expect of them. All too often change fails as councils lose sight of the reasons and focus for change. Suggests a few basic steps to ensure that change is not doomed from the start. | ||
| 590 | _aABS | ||
| 650 | _aCOMPREHENSIVE PROJECT APPRAISAL | ||
| 650 | _aLOCAL COUNCILS | ||
| 650 | _aCORPORATE STRATEGY | ||
| 650 | _aHUMAN RESOURCES | ||
| 650 | _aBUDGETING | ||
| 690 | _aLOCAL GOVERNMENT | ||
| 942 | _n0 | ||
| 999 |
_c71092 _d71092 |
||